Alphabet rescue / (Record no. 3261)

MARC details
000 -LEADER
fixed length control field 01232cam a2200373 a 4500
001 - CONTROL NUMBER
control field 3261
003 - CONTROL NUMBER IDENTIFIER
control field FISKH
005 - DATE AND TIME OF LATEST TRANSACTION
control field 20240222120528.0
008 - FIXED-LENGTH DATA ELEMENTS--GENERAL INFORMATION
fixed length control field 051108s2006 nyua b 000 1 eng
010 ## - LIBRARY OF CONGRESS CONTROL NUMBER
LC control number 2005032382
020 ## - INTERNATIONAL STANDARD BOOK NUMBER
International Standard Book Number 0439853168
020 ## - INTERNATIONAL STANDARD BOOK NUMBER
International Standard Book Number 9780545019682
035 ## - SYSTEM CONTROL NUMBER
System control number (DLC)2005032382
035 ## - SYSTEM CONTROL NUMBER
System control number (DLC)3445
040 ## - CATALOGING SOURCE
Original cataloging agency DLC
Transcribing agency DLC
Modifying agency DLC
Language of cataloging eng
042 ## - AUTHENTICATION CODE
Authentication code lcac
050 00 - LIBRARY OF CONGRESS CALL NUMBER
Classification number PZ7.W846
Item number Ap 2006
082 00 - DEWEY DECIMAL CLASSIFICATION NUMBER
Classification number [E]
Edition number 22
100 1# - MAIN ENTRY--PERSONAL NAME
Personal name Wood, Audrey.
245 10 - TITLE STATEMENT
Title Alphabet rescue /
Statement of responsibility, etc. by Audrey Wood ; illustrated by Bruce Wood.
250 ## - EDITION STATEMENT
Edition statement First Paperback printing, September 2007
260 ## - PUBLICATION, DISTRIBUTION, ETC.
Place of publication, distribution, etc. New York :
Name of publisher, distributor, etc. Scholastic,
Date of publication, distribution, etc. 2006.
300 ## - PHYSICAL DESCRIPTION
Extent 28 unnumbered pages :
Other physical details color illustrations
Dimensions 23 x 27 cm.
505 ## - FORMATTED CONTENTS NOTE
Formatted contents note O<br/>
520 ## - SUMMARY, ETC.
Summary, etc. While on vacation in Alphabet City, Little e and the other lowercase letters repair an old fire truck and come to the rescue when a fire engulfs the letter-making factory.
521 8# - TARGET AUDIENCE NOTE
Target audience note 620
Source Lexile AD <br/>
521 8# - TARGET AUDIENCE NOTE
Target audience note O<br/>
Source Raz-Plus<br/>
650 #1 - SUBJECT ADDED ENTRY--TOPICAL TERM
Topical term or geographic name entry element Alphabet
Form subdivision Fiction.
650 #1 - SUBJECT ADDED ENTRY--TOPICAL TERM
Topical term or geographic name entry element Fire engines
Form subdivision Fiction.
650 #1 - SUBJECT ADDED ENTRY--TOPICAL TERM
Topical term or geographic name entry element Rescues
Form subdivision Fiction.
700 1# - ADDED ENTRY--PERSONAL NAME
Personal name Wood, Bruce Robert,
Relator term illustrator
906 ## - LOCAL DATA ELEMENT F, LDF (RLIN)
a 7
b cbc
c orignew
d 1
e ecip
f 20
g y-gencatlg
942 ## - ADDED ENTRY ELEMENTS (KOHA)
Source of classification or shelving scheme Dewey Decimal Classification
Koha item type Books
Suppress in OPAC No
Holdings
Withdrawn status Lost status Source of classification or shelving scheme Damaged status Not for loan Collection Home library Current library Shelving location Date acquired Total Checkouts Full call number Barcode Date last seen Price effective from Koha item type
    Dewey Decimal Classification     Juvenile Fiction Footprints International School Library Network Toul Kork Campus Footprints International School Library Network Toul Kork Campus TK Primary Library Room(4th Floor), Bookcase 3&4, Shelves 17-32, Yellow Books 02/22/2024   WOO 808.068 PZ7.W846 FISBK04000 02/22/2024 02/22/2024 Books